<?xml version="1.0" encoding="UTF-8"?>
<record
    xmlns:xsi="http://www.w3.org/2001/XMLSchema-instance"
    xsi:schemaLocation="http://www.loc.gov/MARC21/slim http://www.loc.gov/standards/marcxml/schema/MARC21slim.xsd"
    xmlns="http://www.loc.gov/MARC21/slim">

  <leader>00911nas a2200253 454500</leader>
  <controlfield tag="001">53870</controlfield>
  <controlfield tag="005">20260407193512.0</controlfield>
  <controlfield tag="008">260407s1941####ag###########|||spa#d</controlfield>
  <controlfield tag="003">AR-UNSa-BCEJYS</controlfield>
  <datafield tag="040" ind1=" " ind2=" ">
    <subfield code="a">AR-UNSa-BCEJYS</subfield>
    <subfield code="b">spa</subfield>
    <subfield code="c">AR-UNSa-BCEJYS</subfield>
  </datafield>
  <datafield tag="080" ind1=" " ind2=" ">
    <subfield code="a">349.2</subfield>
    <subfield code="x">Derecho del Trabajo</subfield>
  </datafield>
  <datafield tag="245" ind1="1" ind2="0">
    <subfield code="a">Derecho del trabajo</subfield>
    <subfield code="p">revista cr&#xED;tica mensual de jurisprudencia, doctrina y legislaci&#xF3;n</subfield>
  </datafield>
  <datafield tag="264" ind1=" " ind2="1">
    <subfield code="a">Buenos Aires :</subfield>
    <subfield code="b">La Ley</subfield>
    <subfield code="c">1941</subfield>
  </datafield>
  <datafield tag="310" ind1=" " ind2=" ">
    <subfield code="a">Frecuencia: Anual
Revista Derecho del Trabajo encudernada en tomos
Cambia de Director a partir del a&#xF1;o 1973 por Enrique Fern&#xE1;ndez Gianotti
Cambia de Director a partir del a&#xF1;o 1976 por Juan Jos&#xE9; Etala</subfield>
  </datafield>
  <datafield tag="041" ind1=" " ind2=" ">
    <subfield code="a">spa</subfield>
  </datafield>
  <datafield tag="942" ind1=" " ind2=" ">
    <subfield code="c">SER</subfield>
  </datafield>
  <datafield tag="590" ind1=" " ind2=" ">
    <subfield code="a">niveau_biblio:s niveau_hierar:1</subfield>
  </datafield>
  <datafield tag="100" ind1="1" ind2=" ">
    <subfield code="a">Deveali, Mario L.</subfield>
  </datafield>
  <datafield tag="650" ind1=" " ind2=" ">
    <subfield code="a">Trabajo</subfield>
  </datafield>
  <datafield tag="650" ind1=" " ind2=" ">
    <subfield code="a">Derecho del trabajo</subfield>
  </datafield>
  <datafield tag="650" ind1=" " ind2=" ">
    <subfield code="a">Legislaci&#xF3;n</subfield>
  </datafield>
  <datafield tag="650" ind1=" " ind2=" ">
    <subfield code="a">JURISPRUDENCIA</subfield>
  </datafield>
  <datafield tag="650" ind1=" " ind2=" ">
    <subfield code="a">DOCTRINA</subfield>
  </datafield>
  <datafield tag="999" ind1=" " ind2=" ">
    <subfield code="c">8967</subfield>
    <subfield code="d">8967</subfield>
  </datafield>
  <datafield tag="952" ind1=" " ind2=" ">
    <subfield code="0">0</subfield>
    <subfield code="1">0</subfield>
    <subfield code="4">0</subfield>
    <subfield code="7">0</subfield>
    <subfield code="a">BCEJYS</subfield>
    <subfield code="b">BCEJYS</subfield>
    <subfield code="c">17</subfield>
    <subfield code="d">1986-07-01</subfield>
    <subfield code="h">Tomo XLVI/B - jul./dic. 1986</subfield>
    <subfield code="l">0</subfield>
    <subfield code="o">H349.2 DER T.46/B</subfield>
    <subfield code="p">R23176</subfield>
    <subfield code="r">2026-04-10 16:10:18</subfield>
    <subfield code="w">2026-04-10</subfield>
    <subfield code="y">RN</subfield>
  </datafield>
  <datafield tag="952" ind1=" " ind2=" ">
    <subfield code="0">0</subfield>
    <subfield code="1">0</subfield>
    <subfield code="4">0</subfield>
    <subfield code="7">0</subfield>
    <subfield code="a">BCEJYS</subfield>
    <subfield code="b">BCEJYS</subfield>
    <subfield code="c">17</subfield>
    <subfield code="d">1986-01-01</subfield>
    <subfield code="h">Tomo XLVI/A - ene./jun. 1986</subfield>
    <subfield code="l">0</subfield>
    <subfield code="o">H349.2 DER T.46/A</subfield>
    <subfield code="p">R23175</subfield>
    <subfield code="r">2026-04-10 16:10:18</subfield>
    <subfield code="w">2026-04-10</subfield>
    <subfield code="y">RN</subfield>
  </datafield>
  <datafield tag="952" ind1=" " ind2=" ">
    <subfield code="0">0</subfield>
    <subfield code="1">0</subfield>
    <subfield code="4">0</subfield>
    <subfield code="7">0</subfield>
    <subfield code="a">BCEJYS</subfield>
    <subfield code="b">BCEJYS</subfield>
    <subfield code="c">17</subfield>
    <subfield code="d">1985-07-01</subfield>
    <subfield code="h">Tomo XLV/B - jul./dic. 1985</subfield>
    <subfield code="l">0</subfield>
    <subfield code="o">H349.2 DER T.45/B</subfield>
    <subfield code="p">R23174</subfield>
    <subfield code="r">2026-04-10 16:10:18</subfield>
    <subfield code="w">2026-04-10</subfield>
    <subfield code="y">RN</subfield>
  </datafield>
  <datafield tag="952" ind1=" " ind2=" ">
    <subfield code="0">0</subfield>
    <subfield code="1">0</subfield>
    <subfield code="4">0</subfield>
    <subfield code="7">0</subfield>
    <subfield code="a">BCEJYS</subfield>
    <subfield code="b">BCEJYS</subfield>
    <subfield code="c">17</subfield>
    <subfield code="d">1985-01-01</subfield>
    <subfield code="h">Tomo XLV/A - ene./jun. 1985</subfield>
    <subfield code="l">0</subfield>
    <subfield code="o">H349.2 DER T.45/A</subfield>
    <subfield code="p">R23173</subfield>
    <subfield code="r">2026-04-10 16:10:18</subfield>
    <subfield code="w">2026-04-10</subfield>
    <subfield code="y">RN</subfield>
  </datafield>
  <datafield tag="952" ind1=" " ind2=" ">
    <subfield code="0">0</subfield>
    <subfield code="1">0</subfield>
    <subfield code="4">0</subfield>
    <subfield code="7">0</subfield>
    <subfield code="a">BCEJYS</subfield>
    <subfield code="b">BCEJYS</subfield>
    <subfield code="c">17</subfield>
    <subfield code="d">1984-07-01</subfield>
    <subfield code="h">Tomo XLIV/B - jul./dic. 1984</subfield>
    <subfield code="l">0</subfield>
    <subfield code="o">H349.2 DER T.44/B</subfield>
    <subfield code="p">R23172</subfield>
    <subfield code="r">2026-04-10 16:10:18</subfield>
    <subfield code="w">2026-04-10</subfield>
    <subfield code="y">RN</subfield>
  </datafield>
  <datafield tag="952" ind1=" " ind2=" ">
    <subfield code="0">0</subfield>
    <subfield code="1">0</subfield>
    <subfield code="4">0</subfield>
    <subfield code="7">0</subfield>
    <subfield code="a">BCEJYS</subfield>
    <subfield code="b">BCEJYS</subfield>
    <subfield code="c">17</subfield>
    <subfield code="d">1984-01-01</subfield>
    <subfield code="h">Tomo XLIV/A - ene./jun. 1984</subfield>
    <subfield code="l">0</subfield>
    <subfield code="o">H349.2 DER T.44/A</subfield>
    <subfield code="p">R23171</subfield>
    <subfield code="r">2026-04-10 16:10:18</subfield>
    <subfield code="w">2026-04-10</subfield>
    <subfield code="y">RN</subfield>
  </datafield>
  <datafield tag="952" ind1=" " ind2=" ">
    <subfield code="0">0</subfield>
    <subfield code="1">0</subfield>
    <subfield code="4">0</subfield>
    <subfield code="7">0</subfield>
    <subfield code="a">BCEJYS</subfield>
    <subfield code="b">BCEJYS</subfield>
    <subfield code="c">17</subfield>
    <subfield code="d">1983-07-01</subfield>
    <subfield code="h">Tomo XLIII/B - jul./dic. 1983</subfield>
    <subfield code="l">0</subfield>
    <subfield code="o">H349.2 DER T.43/B</subfield>
    <subfield code="p">R23170</subfield>
    <subfield code="r">2026-04-10 16:10:18</subfield>
    <subfield code="w">2026-04-10</subfield>
    <subfield code="y">RN</subfield>
  </datafield>
  <datafield tag="952" ind1=" " ind2=" ">
    <subfield code="0">0</subfield>
    <subfield code="1">0</subfield>
    <subfield code="4">0</subfield>
    <subfield code="7">0</subfield>
    <subfield code="a">BCEJYS</subfield>
    <subfield code="b">BCEJYS</subfield>
    <subfield code="c">17</subfield>
    <subfield code="d">1983-01-01</subfield>
    <subfield code="h">Tomo XLIII/A - ene./jun. 1983</subfield>
    <subfield code="l">0</subfield>
    <subfield code="o">H349.2 DER T.43/A</subfield>
    <subfield code="p">R23169</subfield>
    <subfield code="r">2026-04-10 16:10:18</subfield>
    <subfield code="w">2026-04-10</subfield>
    <subfield code="y">RN</subfield>
  </datafield>
  <datafield tag="952" ind1=" " ind2=" ">
    <subfield code="0">0</subfield>
    <subfield code="1">0</subfield>
    <subfield code="4">0</subfield>
    <subfield code="7">0</subfield>
    <subfield code="a">BCEJYS</subfield>
    <subfield code="b">BCEJYS</subfield>
    <subfield code="c">17</subfield>
    <subfield code="d">1982-07-01</subfield>
    <subfield code="h">Tomo XLII/B - jul./dic. 1982</subfield>
    <subfield code="l">0</subfield>
    <subfield code="o">H349.2 DER T.42/B</subfield>
    <subfield code="p">R23168</subfield>
    <subfield code="r">2026-04-10 16:10:18</subfield>
    <subfield code="w">2026-04-10</subfield>
    <subfield code="y">RN</subfield>
  </datafield>
  <datafield tag="952" ind1=" " ind2=" ">
    <subfield code="0">0</subfield>
    <subfield code="1">0</subfield>
    <subfield code="4">0</subfield>
    <subfield code="7">0</subfield>
    <subfield code="a">BCEJYS</subfield>
    <subfield code="b">BCEJYS</subfield>
    <subfield code="c">17</subfield>
    <subfield code="d">1982-01-01</subfield>
    <subfield code="h">Tomo XLII/A - ene./jun. 1982</subfield>
    <subfield code="l">0</subfield>
    <subfield code="o">H349.2 DER T.42/A</subfield>
    <subfield code="p">R23167</subfield>
    <subfield code="r">2026-04-10 16:10:18</subfield>
    <subfield code="w">2026-04-10</subfield>
    <subfield code="y">RN</subfield>
  </datafield>
  <datafield tag="952" ind1=" " ind2=" ">
    <subfield code="0">0</subfield>
    <subfield code="1">0</subfield>
    <subfield code="4">0</subfield>
    <subfield code="7">0</subfield>
    <subfield code="a">BCEJYS</subfield>
    <subfield code="b">BCEJYS</subfield>
    <subfield code="c">17</subfield>
    <subfield code="d">1981-07-01</subfield>
    <subfield code="h">Tomo XLI/B - jul./dic. 1981</subfield>
    <subfield code="l">0</subfield>
    <subfield code="o">H349.2 DER T.41/B</subfield>
    <subfield code="p">R23166</subfield>
    <subfield code="r">2026-04-10 16:10:18</subfield>
    <subfield code="w">2026-04-10</subfield>
    <subfield code="y">RN</subfield>
  </datafield>
  <datafield tag="952" ind1=" " ind2=" ">
    <subfield code="0">0</subfield>
    <subfield code="1">0</subfield>
    <subfield code="4">0</subfield>
    <subfield code="7">0</subfield>
    <subfield code="a">BCEJYS</subfield>
    <subfield code="b">BCEJYS</subfield>
    <subfield code="c">17</subfield>
    <subfield code="d">1981-01-01</subfield>
    <subfield code="h">Tomo XLI/A - ene./jun. 1981</subfield>
    <subfield code="l">0</subfield>
    <subfield code="o">H349.2 DER T.41/A</subfield>
    <subfield code="p">R23165</subfield>
    <subfield code="r">2026-04-10 16:10:18</subfield>
    <subfield code="w">2026-04-10</subfield>
    <subfield code="y">RN</subfield>
  </datafield>
  <datafield tag="952" ind1=" " ind2=" ">
    <subfield code="0">0</subfield>
    <subfield code="1">0</subfield>
    <subfield code="4">0</subfield>
    <subfield code="7">0</subfield>
    <subfield code="a">BCEJYS</subfield>
    <subfield code="b">BCEJYS</subfield>
    <subfield code="c">17</subfield>
    <subfield code="d">1980-01-01</subfield>
    <subfield code="h">Tomo XL - ene./dic. 1980</subfield>
    <subfield code="l">0</subfield>
    <subfield code="o">H349.2 DER T.40</subfield>
    <subfield code="p">R23164</subfield>
    <subfield code="r">2026-04-10 16:10:18</subfield>
    <subfield code="w">2026-04-10</subfield>
    <subfield code="y">RN</subfield>
  </datafield>
  <datafield tag="952" ind1=" " ind2=" ">
    <subfield code="0">0</subfield>
    <subfield code="1">0</subfield>
    <subfield code="4">0</subfield>
    <subfield code="7">0</subfield>
    <subfield code="a">BCEJYS</subfield>
    <subfield code="b">BCEJYS</subfield>
    <subfield code="c">17</subfield>
    <subfield code="d">1979-01-01</subfield>
    <subfield code="h">Tomo XXXIX - ene./dic. 1979</subfield>
    <subfield code="l">0</subfield>
    <subfield code="o">H349.2 DER T.39</subfield>
    <subfield code="p">R23163</subfield>
    <subfield code="r">2026-04-10 16:10:18</subfield>
    <subfield code="w">2026-04-10</subfield>
    <subfield code="y">RN</subfield>
  </datafield>
  <datafield tag="952" ind1=" " ind2=" ">
    <subfield code="0">0</subfield>
    <subfield code="1">0</subfield>
    <subfield code="4">0</subfield>
    <subfield code="7">0</subfield>
    <subfield code="a">BCEJYS</subfield>
    <subfield code="b">BCEJYS</subfield>
    <subfield code="c">17</subfield>
    <subfield code="d">1978-01-01</subfield>
    <subfield code="h">Tomo XXXVIII - ene./dic. 1978</subfield>
    <subfield code="l">0</subfield>
    <subfield code="o">H349.2 DER T.38</subfield>
    <subfield code="p">R23162</subfield>
    <subfield code="r">2026-04-10 16:10:18</subfield>
    <subfield code="w">2026-04-10</subfield>
    <subfield code="y">RN</subfield>
  </datafield>
  <datafield tag="952" ind1=" " ind2=" ">
    <subfield code="0">0</subfield>
    <subfield code="1">0</subfield>
    <subfield code="4">0</subfield>
    <subfield code="7">0</subfield>
    <subfield code="a">BCEJYS</subfield>
    <subfield code="b">BCEJYS</subfield>
    <subfield code="c">17</subfield>
    <subfield code="d">1977-01-01</subfield>
    <subfield code="h">Tomo XXXVII - ene./dic. 1977</subfield>
    <subfield code="l">0</subfield>
    <subfield code="o">H349.2 DER T.37</subfield>
    <subfield code="p">R23161</subfield>
    <subfield code="r">2026-04-10 16:10:18</subfield>
    <subfield code="w">2026-04-10</subfield>
    <subfield code="y">RN</subfield>
  </datafield>
  <datafield tag="952" ind1=" " ind2=" ">
    <subfield code="0">0</subfield>
    <subfield code="1">0</subfield>
    <subfield code="4">0</subfield>
    <subfield code="7">0</subfield>
    <subfield code="a">BCEJYS</subfield>
    <subfield code="b">BCEJYS</subfield>
    <subfield code="c">17</subfield>
    <subfield code="d">1976-01-01</subfield>
    <subfield code="h">Tomo XXXVI - ene./dic. 1976</subfield>
    <subfield code="l">0</subfield>
    <subfield code="o">H349.2 DER T.36</subfield>
    <subfield code="p">R23160</subfield>
    <subfield code="r">2026-04-10 16:10:18</subfield>
    <subfield code="w">2026-04-10</subfield>
    <subfield code="y">RN</subfield>
  </datafield>
  <datafield tag="952" ind1=" " ind2=" ">
    <subfield code="0">0</subfield>
    <subfield code="1">0</subfield>
    <subfield code="4">0</subfield>
    <subfield code="7">0</subfield>
    <subfield code="a">BCEJYS</subfield>
    <subfield code="b">BCEJYS</subfield>
    <subfield code="c">17</subfield>
    <subfield code="d">1975-01-01</subfield>
    <subfield code="h">Tomo XXXV - ene./dic. 1975</subfield>
    <subfield code="l">0</subfield>
    <subfield code="o">H349.2 DER T.35</subfield>
    <subfield code="p">R23159</subfield>
    <subfield code="r">2026-04-10 16:10:18</subfield>
    <subfield code="w">2026-04-10</subfield>
    <subfield code="y">RN</subfield>
  </datafield>
  <datafield tag="952" ind1=" " ind2=" ">
    <subfield code="0">0</subfield>
    <subfield code="1">0</subfield>
    <subfield code="4">0</subfield>
    <subfield code="7">0</subfield>
    <subfield code="a">BCEJYS</subfield>
    <subfield code="b">BCEJYS</subfield>
    <subfield code="c">17</subfield>
    <subfield code="d">1974-01-01</subfield>
    <subfield code="h">Tomo XXXIV - ene./doc. 1974</subfield>
    <subfield code="l">0</subfield>
    <subfield code="o">H349.2 DER T.34</subfield>
    <subfield code="p">R23158</subfield>
    <subfield code="r">2026-04-10 16:10:18</subfield>
    <subfield code="w">2026-04-10</subfield>
    <subfield code="y">RN</subfield>
  </datafield>
  <datafield tag="952" ind1=" " ind2=" ">
    <subfield code="0">0</subfield>
    <subfield code="1">0</subfield>
    <subfield code="4">0</subfield>
    <subfield code="7">0</subfield>
    <subfield code="a">BCEJYS</subfield>
    <subfield code="b">BCEJYS</subfield>
    <subfield code="c">17</subfield>
    <subfield code="d">1973-01-01</subfield>
    <subfield code="h">Tomo XXXIII - ene./dic. 1973</subfield>
    <subfield code="l">0</subfield>
    <subfield code="o">H349.2 DER T.33</subfield>
    <subfield code="p">R23157</subfield>
    <subfield code="r">2026-04-10 16:10:18</subfield>
    <subfield code="w">2026-04-10</subfield>
    <subfield code="y">RN</subfield>
  </datafield>
  <datafield tag="952" ind1=" " ind2=" ">
    <subfield code="0">0</subfield>
    <subfield code="1">0</subfield>
    <subfield code="4">0</subfield>
    <subfield code="7">0</subfield>
    <subfield code="a">BCEJYS</subfield>
    <subfield code="b">BCEJYS</subfield>
    <subfield code="c">17</subfield>
    <subfield code="d">1972-01-01</subfield>
    <subfield code="h">Tomo XXXII - ene./dic. 1972</subfield>
    <subfield code="l">0</subfield>
    <subfield code="o">H349.2 DER T.32</subfield>
    <subfield code="p">R23156</subfield>
    <subfield code="r">2026-04-10 16:10:18</subfield>
    <subfield code="w">2026-04-10</subfield>
    <subfield code="y">RN</subfield>
  </datafield>
  <datafield tag="952" ind1=" " ind2=" ">
    <subfield code="0">0</subfield>
    <subfield code="1">0</subfield>
    <subfield code="4">0</subfield>
    <subfield code="7">0</subfield>
    <subfield code="a">BCEJYS</subfield>
    <subfield code="b">BCEJYS</subfield>
    <subfield code="c">17</subfield>
    <subfield code="d">1971-01-01</subfield>
    <subfield code="h">Tomo XXXI - ene./dic. 1971</subfield>
    <subfield code="l">0</subfield>
    <subfield code="o">H349.2 DER T.31</subfield>
    <subfield code="p">R23155</subfield>
    <subfield code="r">2026-04-10 16:10:18</subfield>
    <subfield code="w">2026-04-10</subfield>
    <subfield code="y">RN</subfield>
  </datafield>
  <datafield tag="952" ind1=" " ind2=" ">
    <subfield code="0">0</subfield>
    <subfield code="1">0</subfield>
    <subfield code="4">0</subfield>
    <subfield code="7">0</subfield>
    <subfield code="a">BCEJYS</subfield>
    <subfield code="b">BCEJYS</subfield>
    <subfield code="c">17</subfield>
    <subfield code="d">1970-01-01</subfield>
    <subfield code="h">Tomo XXX - ene./dic. 1970</subfield>
    <subfield code="l">0</subfield>
    <subfield code="o">H349.2 DER T.30</subfield>
    <subfield code="p">R23154</subfield>
    <subfield code="r">2026-04-10 16:10:18</subfield>
    <subfield code="w">2026-04-10</subfield>
    <subfield code="y">RN</subfield>
  </datafield>
  <datafield tag="952" ind1=" " ind2=" ">
    <subfield code="0">0</subfield>
    <subfield code="1">0</subfield>
    <subfield code="4">0</subfield>
    <subfield code="7">0</subfield>
    <subfield code="a">BCEJYS</subfield>
    <subfield code="b">BCEJYS</subfield>
    <subfield code="c">17</subfield>
    <subfield code="d">1969-01-01</subfield>
    <subfield code="h">Tomo XXIX - ene./dic. 1969</subfield>
    <subfield code="l">0</subfield>
    <subfield code="o">H349.2 DER T.29</subfield>
    <subfield code="p">R23153</subfield>
    <subfield code="r">2026-04-10 16:10:18</subfield>
    <subfield code="w">2026-04-10</subfield>
    <subfield code="y">RN</subfield>
  </datafield>
  <datafield tag="952" ind1=" " ind2=" ">
    <subfield code="0">0</subfield>
    <subfield code="1">0</subfield>
    <subfield code="4">0</subfield>
    <subfield code="7">0</subfield>
    <subfield code="a">BCEJYS</subfield>
    <subfield code="b">BCEJYS</subfield>
    <subfield code="c">17</subfield>
    <subfield code="d">1968-01-01</subfield>
    <subfield code="h">Tomo XXVIII - ene./dic. 1968</subfield>
    <subfield code="l">0</subfield>
    <subfield code="o">H349.2 DER T.28</subfield>
    <subfield code="p">R23152</subfield>
    <subfield code="r">2026-04-10 16:10:18</subfield>
    <subfield code="w">2026-04-10</subfield>
    <subfield code="y">RN</subfield>
  </datafield>
  <datafield tag="952" ind1=" " ind2=" ">
    <subfield code="0">0</subfield>
    <subfield code="1">0</subfield>
    <subfield code="4">0</subfield>
    <subfield code="7">0</subfield>
    <subfield code="a">BCEJYS</subfield>
    <subfield code="b">BCEJYS</subfield>
    <subfield code="c">17</subfield>
    <subfield code="d">1967-01-01</subfield>
    <subfield code="h">Tomo XXVII - ene./dic. 1967</subfield>
    <subfield code="l">0</subfield>
    <subfield code="o">H349.2 DER T.27</subfield>
    <subfield code="p">R23151</subfield>
    <subfield code="r">2026-04-10 16:10:18</subfield>
    <subfield code="w">2026-04-10</subfield>
    <subfield code="y">RN</subfield>
  </datafield>
  <datafield tag="952" ind1=" " ind2=" ">
    <subfield code="0">0</subfield>
    <subfield code="1">0</subfield>
    <subfield code="4">0</subfield>
    <subfield code="7">0</subfield>
    <subfield code="a">BCEJYS</subfield>
    <subfield code="b">BCEJYS</subfield>
    <subfield code="c">17</subfield>
    <subfield code="d">1966-01-01</subfield>
    <subfield code="h">Tomo XXVI - ene./dic.</subfield>
    <subfield code="l">0</subfield>
    <subfield code="o">H349.2 DER T.26</subfield>
    <subfield code="p">R23150</subfield>
    <subfield code="r">2026-04-10 16:10:18</subfield>
    <subfield code="w">2026-04-10</subfield>
    <subfield code="y">RN</subfield>
  </datafield>
  <datafield tag="952" ind1=" " ind2=" ">
    <subfield code="0">0</subfield>
    <subfield code="1">0</subfield>
    <subfield code="4">0</subfield>
    <subfield code="7">0</subfield>
    <subfield code="a">BCEJYS</subfield>
    <subfield code="b">BCEJYS</subfield>
    <subfield code="c">17</subfield>
    <subfield code="d">1965-01-01</subfield>
    <subfield code="h">Tomo XXV - ene./dic. 1965</subfield>
    <subfield code="l">0</subfield>
    <subfield code="o">H349.2 DER T.25</subfield>
    <subfield code="p">R23149</subfield>
    <subfield code="r">2026-04-10 16:10:18</subfield>
    <subfield code="w">2026-04-10</subfield>
    <subfield code="y">RN</subfield>
  </datafield>
  <datafield tag="952" ind1=" " ind2=" ">
    <subfield code="0">0</subfield>
    <subfield code="1">0</subfield>
    <subfield code="4">0</subfield>
    <subfield code="7">0</subfield>
    <subfield code="a">BCEJYS</subfield>
    <subfield code="b">BCEJYS</subfield>
    <subfield code="c">17</subfield>
    <subfield code="d">1964-01-01</subfield>
    <subfield code="h">Tomo XXIV - ene./dic. 1964</subfield>
    <subfield code="l">0</subfield>
    <subfield code="o">H349.2 DER T.24</subfield>
    <subfield code="p">R23148</subfield>
    <subfield code="r">2026-04-10 16:10:18</subfield>
    <subfield code="w">2026-04-10</subfield>
    <subfield code="y">RN</subfield>
  </datafield>
  <datafield tag="952" ind1=" " ind2=" ">
    <subfield code="0">0</subfield>
    <subfield code="1">0</subfield>
    <subfield code="4">0</subfield>
    <subfield code="7">0</subfield>
    <subfield code="a">BCEJYS</subfield>
    <subfield code="b">BCEJYS</subfield>
    <subfield code="c">17</subfield>
    <subfield code="d">1963-01-01</subfield>
    <subfield code="h">Tomo XXIII - ene./dic. 1963</subfield>
    <subfield code="l">0</subfield>
    <subfield code="o">H349.2 DER T.23</subfield>
    <subfield code="p">R23147</subfield>
    <subfield code="r">2026-04-10 16:10:18</subfield>
    <subfield code="w">2026-04-10</subfield>
    <subfield code="y">RN</subfield>
  </datafield>
  <datafield tag="952" ind1=" " ind2=" ">
    <subfield code="0">0</subfield>
    <subfield code="1">0</subfield>
    <subfield code="4">0</subfield>
    <subfield code="7">0</subfield>
    <subfield code="a">BCEJYS</subfield>
    <subfield code="b">BCEJYS</subfield>
    <subfield code="c">17</subfield>
    <subfield code="d">1962-01-01</subfield>
    <subfield code="h">Tomo XXII - ene./dic. 1962</subfield>
    <subfield code="l">0</subfield>
    <subfield code="o">H349.2 DER T.22</subfield>
    <subfield code="p">R23146</subfield>
    <subfield code="r">2026-04-10 16:10:18</subfield>
    <subfield code="w">2026-04-10</subfield>
    <subfield code="y">RN</subfield>
  </datafield>
  <datafield tag="952" ind1=" " ind2=" ">
    <subfield code="0">0</subfield>
    <subfield code="1">0</subfield>
    <subfield code="4">0</subfield>
    <subfield code="7">0</subfield>
    <subfield code="a">BCEJYS</subfield>
    <subfield code="b">BCEJYS</subfield>
    <subfield code="c">17</subfield>
    <subfield code="d">1961-01-01</subfield>
    <subfield code="h">Tomo XXI - ene./dic. 1961</subfield>
    <subfield code="l">0</subfield>
    <subfield code="o">H349.2 DER T.21</subfield>
    <subfield code="p">R23145</subfield>
    <subfield code="r">2026-04-10 16:10:18</subfield>
    <subfield code="w">2026-04-10</subfield>
    <subfield code="y">RN</subfield>
  </datafield>
  <datafield tag="952" ind1=" " ind2=" ">
    <subfield code="0">0</subfield>
    <subfield code="1">0</subfield>
    <subfield code="4">0</subfield>
    <subfield code="7">0</subfield>
    <subfield code="a">BCEJYS</subfield>
    <subfield code="b">BCEJYS</subfield>
    <subfield code="c">17</subfield>
    <subfield code="d">1960-01-01</subfield>
    <subfield code="h">Tomo XX - ene./dic. 1960</subfield>
    <subfield code="l">0</subfield>
    <subfield code="o">H349.2 DER T.20</subfield>
    <subfield code="p">R23144</subfield>
    <subfield code="r">2026-04-10 16:10:18</subfield>
    <subfield code="w">2026-04-10</subfield>
    <subfield code="y">RN</subfield>
  </datafield>
  <datafield tag="952" ind1=" " ind2=" ">
    <subfield code="0">0</subfield>
    <subfield code="1">0</subfield>
    <subfield code="4">0</subfield>
    <subfield code="7">0</subfield>
    <subfield code="a">BCEJYS</subfield>
    <subfield code="b">BCEJYS</subfield>
    <subfield code="c">17</subfield>
    <subfield code="d">1959-01-01</subfield>
    <subfield code="h">Tomo XIX - ene./dic. 1959</subfield>
    <subfield code="l">0</subfield>
    <subfield code="o">H349.2 DER T.19</subfield>
    <subfield code="p">R23143</subfield>
    <subfield code="r">2026-04-10 16:10:18</subfield>
    <subfield code="w">2026-04-10</subfield>
    <subfield code="y">RN</subfield>
  </datafield>
  <datafield tag="952" ind1=" " ind2=" ">
    <subfield code="0">0</subfield>
    <subfield code="1">0</subfield>
    <subfield code="4">0</subfield>
    <subfield code="7">0</subfield>
    <subfield code="a">BCEJYS</subfield>
    <subfield code="b">BCEJYS</subfield>
    <subfield code="c">17</subfield>
    <subfield code="d">1958-01-01</subfield>
    <subfield code="h">Tomo XVIII - ene./dic. 1958</subfield>
    <subfield code="l">0</subfield>
    <subfield code="o">H349.2 DER T.18</subfield>
    <subfield code="p">R23142</subfield>
    <subfield code="r">2026-04-10 16:10:18</subfield>
    <subfield code="w">2026-04-10</subfield>
    <subfield code="y">RN</subfield>
  </datafield>
  <datafield tag="952" ind1=" " ind2=" ">
    <subfield code="0">0</subfield>
    <subfield code="1">0</subfield>
    <subfield code="4">0</subfield>
    <subfield code="7">0</subfield>
    <subfield code="a">BCEJYS</subfield>
    <subfield code="b">BCEJYS</subfield>
    <subfield code="c">17</subfield>
    <subfield code="d">1957-01-01</subfield>
    <subfield code="h">Tomo XVII - ene./dic. 1957</subfield>
    <subfield code="l">0</subfield>
    <subfield code="o">H349.2 DER T.17</subfield>
    <subfield code="p">R23141</subfield>
    <subfield code="r">2026-04-10 16:10:18</subfield>
    <subfield code="w">2026-04-10</subfield>
    <subfield code="y">RN</subfield>
  </datafield>
  <datafield tag="952" ind1=" " ind2=" ">
    <subfield code="0">0</subfield>
    <subfield code="1">0</subfield>
    <subfield code="4">0</subfield>
    <subfield code="7">0</subfield>
    <subfield code="a">BCEJYS</subfield>
    <subfield code="b">BCEJYS</subfield>
    <subfield code="c">17</subfield>
    <subfield code="d">1956-01-01</subfield>
    <subfield code="h">Tomo XVI - ene./dic. 1956</subfield>
    <subfield code="l">0</subfield>
    <subfield code="o">H349.2 DER T.16</subfield>
    <subfield code="p">R23140</subfield>
    <subfield code="r">2026-04-10 16:10:18</subfield>
    <subfield code="w">2026-04-10</subfield>
    <subfield code="y">RN</subfield>
  </datafield>
  <datafield tag="952" ind1=" " ind2=" ">
    <subfield code="0">0</subfield>
    <subfield code="1">0</subfield>
    <subfield code="4">0</subfield>
    <subfield code="7">0</subfield>
    <subfield code="a">BCEJYS</subfield>
    <subfield code="b">BCEJYS</subfield>
    <subfield code="c">17</subfield>
    <subfield code="d">1955-01-01</subfield>
    <subfield code="h">Tomo XV - ene./dic. 1955</subfield>
    <subfield code="l">0</subfield>
    <subfield code="o">H349.2 DER T.15</subfield>
    <subfield code="p">R23139</subfield>
    <subfield code="r">2026-04-10 16:10:18</subfield>
    <subfield code="w">2026-04-10</subfield>
    <subfield code="y">RN</subfield>
  </datafield>
  <datafield tag="952" ind1=" " ind2=" ">
    <subfield code="0">0</subfield>
    <subfield code="1">0</subfield>
    <subfield code="4">0</subfield>
    <subfield code="7">0</subfield>
    <subfield code="a">BCEJYS</subfield>
    <subfield code="b">BCEJYS</subfield>
    <subfield code="c">17</subfield>
    <subfield code="d">1954-01-01</subfield>
    <subfield code="h">Tomo XIV - ene./dic. 1954</subfield>
    <subfield code="l">0</subfield>
    <subfield code="o">H349.2 DER T.14</subfield>
    <subfield code="p">R23138</subfield>
    <subfield code="r">2026-04-10 16:10:18</subfield>
    <subfield code="w">2026-04-10</subfield>
    <subfield code="y">RN</subfield>
  </datafield>
  <datafield tag="952" ind1=" " ind2=" ">
    <subfield code="0">0</subfield>
    <subfield code="1">0</subfield>
    <subfield code="4">0</subfield>
    <subfield code="7">0</subfield>
    <subfield code="a">BCEJYS</subfield>
    <subfield code="b">BCEJYS</subfield>
    <subfield code="c">17</subfield>
    <subfield code="d">1953-01-01</subfield>
    <subfield code="h">Tomo XIII - ene./dic. 1953</subfield>
    <subfield code="l">0</subfield>
    <subfield code="o">H349.2 DER T.13</subfield>
    <subfield code="p">R23137</subfield>
    <subfield code="r">2026-04-10 16:10:18</subfield>
    <subfield code="w">2026-04-10</subfield>
    <subfield code="y">RN</subfield>
  </datafield>
  <datafield tag="952" ind1=" " ind2=" ">
    <subfield code="0">0</subfield>
    <subfield code="1">0</subfield>
    <subfield code="4">0</subfield>
    <subfield code="7">0</subfield>
    <subfield code="a">BCEJYS</subfield>
    <subfield code="b">BCEJYS</subfield>
    <subfield code="c">17</subfield>
    <subfield code="d">1952-01-01</subfield>
    <subfield code="h">Tomo XII - ene./dic. 1952</subfield>
    <subfield code="l">0</subfield>
    <subfield code="o">H349.2 DER T.12</subfield>
    <subfield code="p">R23136</subfield>
    <subfield code="r">2026-04-10 16:10:18</subfield>
    <subfield code="w">2026-04-10</subfield>
    <subfield code="y">RN</subfield>
  </datafield>
  <datafield tag="952" ind1=" " ind2=" ">
    <subfield code="0">0</subfield>
    <subfield code="1">0</subfield>
    <subfield code="4">0</subfield>
    <subfield code="7">0</subfield>
    <subfield code="a">BCEJYS</subfield>
    <subfield code="b">BCEJYS</subfield>
    <subfield code="c">17</subfield>
    <subfield code="d">1951-01-01</subfield>
    <subfield code="h">Tomo XI - ene./dic. 1951</subfield>
    <subfield code="l">0</subfield>
    <subfield code="o">H349.2 DER T.11</subfield>
    <subfield code="p">R23135</subfield>
    <subfield code="r">2026-04-10 16:10:18</subfield>
    <subfield code="w">2026-04-10</subfield>
    <subfield code="y">RN</subfield>
  </datafield>
  <datafield tag="952" ind1=" " ind2=" ">
    <subfield code="0">0</subfield>
    <subfield code="1">0</subfield>
    <subfield code="4">0</subfield>
    <subfield code="7">0</subfield>
    <subfield code="a">BCEJYS</subfield>
    <subfield code="b">BCEJYS</subfield>
    <subfield code="c">17</subfield>
    <subfield code="d">1950-01-01</subfield>
    <subfield code="h">Tomo X - ene./dic. 1950</subfield>
    <subfield code="l">0</subfield>
    <subfield code="o">H349.2 DER T.10</subfield>
    <subfield code="p">R23134</subfield>
    <subfield code="r">2026-04-10 16:10:18</subfield>
    <subfield code="w">2026-04-10</subfield>
    <subfield code="y">RN</subfield>
  </datafield>
  <datafield tag="952" ind1=" " ind2=" ">
    <subfield code="0">0</subfield>
    <subfield code="1">0</subfield>
    <subfield code="4">0</subfield>
    <subfield code="7">0</subfield>
    <subfield code="a">BCEJYS</subfield>
    <subfield code="b">BCEJYS</subfield>
    <subfield code="c">17</subfield>
    <subfield code="d">1949-01-01</subfield>
    <subfield code="h">Tomo IX - ene./dic. 1949</subfield>
    <subfield code="l">0</subfield>
    <subfield code="o">H349.2 DER T.9</subfield>
    <subfield code="p">R23133</subfield>
    <subfield code="r">2026-04-10 16:10:18</subfield>
    <subfield code="w">2026-04-10</subfield>
    <subfield code="y">RN</subfield>
  </datafield>
  <datafield tag="952" ind1=" " ind2=" ">
    <subfield code="0">0</subfield>
    <subfield code="1">0</subfield>
    <subfield code="4">0</subfield>
    <subfield code="7">0</subfield>
    <subfield code="a">BCEJYS</subfield>
    <subfield code="b">BCEJYS</subfield>
    <subfield code="c">17</subfield>
    <subfield code="d">1948-01-01</subfield>
    <subfield code="h">Tomo VIII - ene./dic. 1948</subfield>
    <subfield code="l">0</subfield>
    <subfield code="o">H349.2 DER T.8</subfield>
    <subfield code="p">R23132</subfield>
    <subfield code="r">2026-04-10 16:10:18</subfield>
    <subfield code="w">2026-04-10</subfield>
    <subfield code="y">RN</subfield>
  </datafield>
  <datafield tag="952" ind1=" " ind2=" ">
    <subfield code="0">0</subfield>
    <subfield code="1">0</subfield>
    <subfield code="4">0</subfield>
    <subfield code="7">0</subfield>
    <subfield code="a">BCEJYS</subfield>
    <subfield code="b">BCEJYS</subfield>
    <subfield code="c">17</subfield>
    <subfield code="d">1947-01-01</subfield>
    <subfield code="h">Tomo VII - ene./dic. 1947</subfield>
    <subfield code="l">0</subfield>
    <subfield code="o">H349.2 DER T.7</subfield>
    <subfield code="p">R23131</subfield>
    <subfield code="r">2026-04-10 16:10:18</subfield>
    <subfield code="w">2026-04-10</subfield>
    <subfield code="y">RN</subfield>
  </datafield>
  <datafield tag="952" ind1=" " ind2=" ">
    <subfield code="0">0</subfield>
    <subfield code="1">0</subfield>
    <subfield code="4">0</subfield>
    <subfield code="7">0</subfield>
    <subfield code="a">BCEJYS</subfield>
    <subfield code="b">BCEJYS</subfield>
    <subfield code="c">17</subfield>
    <subfield code="d">1946-01-01</subfield>
    <subfield code="h">Tomo VI - ene./dic. 1946</subfield>
    <subfield code="l">0</subfield>
    <subfield code="o">H349.2 DER T.6</subfield>
    <subfield code="p">R23130</subfield>
    <subfield code="r">2026-04-10 16:10:18</subfield>
    <subfield code="w">2026-04-10</subfield>
    <subfield code="y">RN</subfield>
  </datafield>
  <datafield tag="952" ind1=" " ind2=" ">
    <subfield code="0">0</subfield>
    <subfield code="1">0</subfield>
    <subfield code="4">0</subfield>
    <subfield code="7">0</subfield>
    <subfield code="a">BCEJYS</subfield>
    <subfield code="b">BCEJYS</subfield>
    <subfield code="c">17</subfield>
    <subfield code="d">1945-01-01</subfield>
    <subfield code="h">Tomo V - ene./dic. 1945</subfield>
    <subfield code="l">0</subfield>
    <subfield code="o">H349.2 DER T.5</subfield>
    <subfield code="p">R23129</subfield>
    <subfield code="r">2026-04-10 16:10:18</subfield>
    <subfield code="w">2026-04-10</subfield>
    <subfield code="y">RN</subfield>
  </datafield>
  <datafield tag="952" ind1=" " ind2=" ">
    <subfield code="0">0</subfield>
    <subfield code="1">0</subfield>
    <subfield code="4">0</subfield>
    <subfield code="7">0</subfield>
    <subfield code="a">BCEJYS</subfield>
    <subfield code="b">BCEJYS</subfield>
    <subfield code="c">17</subfield>
    <subfield code="d">1944-01-01</subfield>
    <subfield code="h">Tomo IV - ene./dic. 1944</subfield>
    <subfield code="l">0</subfield>
    <subfield code="o">H349.2 DER T.4</subfield>
    <subfield code="p">R23128</subfield>
    <subfield code="r">2026-04-10 16:10:18</subfield>
    <subfield code="w">2026-04-10</subfield>
    <subfield code="y">RN</subfield>
  </datafield>
  <datafield tag="952" ind1=" " ind2=" ">
    <subfield code="0">0</subfield>
    <subfield code="1">0</subfield>
    <subfield code="4">0</subfield>
    <subfield code="7">0</subfield>
    <subfield code="a">BCEJYS</subfield>
    <subfield code="b">BCEJYS</subfield>
    <subfield code="c">17</subfield>
    <subfield code="d">1943-01-01</subfield>
    <subfield code="h">Tomo III - ene./dic. 1943</subfield>
    <subfield code="l">0</subfield>
    <subfield code="o">H349.2 DER T.3</subfield>
    <subfield code="p">R23127</subfield>
    <subfield code="r">2026-04-10 16:10:18</subfield>
    <subfield code="w">2026-04-10</subfield>
    <subfield code="y">RN</subfield>
  </datafield>
  <datafield tag="952" ind1=" " ind2=" ">
    <subfield code="0">0</subfield>
    <subfield code="1">0</subfield>
    <subfield code="4">0</subfield>
    <subfield code="7">0</subfield>
    <subfield code="a">BCEJYS</subfield>
    <subfield code="b">BCEJYS</subfield>
    <subfield code="c">17</subfield>
    <subfield code="d">1942-01-01</subfield>
    <subfield code="h">Tomo II - ene./dic. 1942</subfield>
    <subfield code="l">0</subfield>
    <subfield code="o">H349.2 DER T.2</subfield>
    <subfield code="p">R23126</subfield>
    <subfield code="r">2026-04-10 16:10:18</subfield>
    <subfield code="w">2026-04-10</subfield>
    <subfield code="y">RN</subfield>
  </datafield>
  <datafield tag="952" ind1=" " ind2=" ">
    <subfield code="0">0</subfield>
    <subfield code="1">0</subfield>
    <subfield code="4">0</subfield>
    <subfield code="7">0</subfield>
    <subfield code="a">BCEJYS</subfield>
    <subfield code="b">BCEJYS</subfield>
    <subfield code="c">17</subfield>
    <subfield code="d">1941-01-01</subfield>
    <subfield code="h">Tomo I - ene./dic. 1941</subfield>
    <subfield code="l">0</subfield>
    <subfield code="o">H349.2 DER T.1</subfield>
    <subfield code="p">R23117</subfield>
    <subfield code="r">2026-04-10 16:10:18</subfield>
    <subfield code="w">2026-04-10</subfield>
    <subfield code="y">RN</subfield>
  </datafield>
</record>
